Khảo sát bệnh viêm phổi, màng phổi do vi khuẩn Actinobacillus pleuropneumoniae gây ra trên heo tại tỉnh Bến Tre : Luận văn tốt nghiệp Cao học. Chuyên ngành Thú y

Khảo sát sự lưu hành của vi khuẩn Actinobacillus pleuropneumoniae gây bệnh viêm phổi, màng phổi trên heo, xác định các serotype và sự nhạy cảm của vi khuẩn Actinobacillus pleuropneumoniae đang lưu hành gây bệnh viêm phổi, màng phổi trên heo tại tỉnh Bến...

Popoln opis

Shranjeno v:
Bibliografske podrobnosti
Glavni avtor: Huỳnh, Văn Thẩm
Format: Knjiga
Jezik:Undetermined
Izdano: Cần Thơ Trường Đại học Cần Thơ 2017
Teme:
Oznake: Označite
Brez oznak, prvi označite!
Thư viện lưu trữ: Trung tâm Học liệu Trường Đại học Cần Thơ
LEADER 01163nam a2200205Ia 4500
001 CTU_225205
008 210402s9999 xx 000 0 und d
082 |a 636.4089 
082 |b Th120 
100 |a Huỳnh, Văn Thẩm 
245 0 |a Khảo sát bệnh viêm phổi, màng phổi do vi khuẩn Actinobacillus pleuropneumoniae gây ra trên heo tại tỉnh Bến Tre : 
245 0 |b Luận văn tốt nghiệp Cao học. Chuyên ngành Thú y 
245 0 |c Huỳnh Văn Thầm ; Lý Thị Liên Khai (Cán bộ hướng dẫn) 
260 |a Cần Thơ 
260 |b Trường Đại học Cần Thơ 
260 |c 2017 
520 |a Khảo sát sự lưu hành của vi khuẩn Actinobacillus pleuropneumoniae gây bệnh viêm phổi, màng phổi trên heo, xác định các serotype và sự nhạy cảm của vi khuẩn Actinobacillus pleuropneumoniae đang lưu hành gây bệnh viêm phổi, màng phổi trên heo tại tỉnh Bến Tre. 
650 |a Swine,Lợn 
650 |x Diseases,Bệnh 
980 |a Trung tâm Học liệu Trường Đại học Cần Thơ